Rational decisions

সংরক্ষণ করুন:
গ্রন্থ-পঞ্জীর বিবরন
প্রধান লেখক: Binmore, K. G.
বিন্যাস: গ্রন্থ
প্রকাশিত: Princeton University Press
ট্যাগগুলো: ট্যাগ যুক্ত করুন
কোনো ট্যাগ নেই, প্রথমজন হিসাবে ট্যাগ করুন!

MARC

LEADER 00000nam a2200000Ia 4500
005 20260515061619.0
100 |a Binmore, K. G., 
020 |a 9780691149899 
942 |c BK 
245 |a Rational decisions  
260 |b Princeton University Press 
999 |c 86  |d 86 
952 |0 0  |1 0  |4 0  |7 0  |a ABDN  |b ABDN  |d 2026-05-15  |l 0  |p 000070  |r 2026-05-15 06:16:19  |w 2026-05-15  |y BK